[Event "24th ch-EUR Indiv w 2024"]
[Site "Rhodes GRE"]
[Date "2024.04.25"]
[Round "6.80"]
[White "Alexandri, Vasiliki"]
[Black "Janiashvili, Mariami"]
[Result "0-1"]
[BlackTitle "WFM"]
[WhiteElo "1859"]
[BlackElo "1964"]
[WhiteFideId "42103606"]
[BlackFideId "13612077"]
[EventDate "2024.04.19"]

1. d4 Nf6 2. c4 g6 3. Nc3 Bg7 4. e4 d6 5. Nf3 O-O 6. Be2 e5 7. d5 a5 8. Bg5 h6
9. Bh4 Na6 10. Nd2 Bd7 11. a3 Qe8 12. b3 g5 13. Bg3 Nxe4 14. Ndxe4 f5 15. O-O
fxe4 16. Bh5 Qe7 17. Nxe4 Bf5 18. Qe2 b6 19. Bg4 Bg6 20. Bh5 Bh7 21. f3 Nc5 22.
Qe3 Nxe4 23. fxe4 Rf4 24. Bxf4 exf4 25. Qe2 Bd4+ 26. Kh1 Bxa1 27. Rxa1 Qxe4 28.
Qxe4 Bxe4 29. Re1 Bd3 30. Re7 Rc8 31. Bg4 Kf8 32. Rd7 Re8 33. Be6 Re7 34. Rd8+
Kg7 35. Kg1 Kf6 36. Rh8 Bh7 37. Kf2 Ke5 38. Ke2 Kd4 39. Kd2 h5 40. a4 Rg7 41.
Rf8 Be4 42. g4 fxg3 43. hxg3 h4 44. gxh4 gxh4 45. Rh8 Rg2+ 46. Ke1 Ke3 47. Kf1
Rh2 48. Rg8 Rh1+ 49. Rg1 Rxg1+ 50. Kxg1 Bc2 0-1

[Event "24th ch-EUR Indiv w 2024"]
[Site "Rhodes GRE"]
[Date "2024.04.25"]
[Round "6.81"]
[White "Revelioti, Eleni Nefeli"]
[Black "Androni, Konstantina"]
[Result "0-1"]
[WhiteElo "1652"]
[BlackElo "1977"]
[WhiteFideId "42168090"]
[BlackFideId "4215362"]
[EventDate "2024.04.19"]

1. e4 d5 2. exd5 Qxd5 3. Nc3 Qd6 4. d4 Nf6 5. Nf3 a6 6. Be3 Bg4 7. h3 Bh5 8. Be2
e6 9. Nd2 Bxe2 10. Qxe2 Nc6 11. Nf3 O-O-O 12. Qd2 Qd7 13. O-O Bd6 14. Bg5 h6 15.
Bxf6 gxf6 16. Rad1 f5 17. d5 Ne5 18. Qe2 Ng6 19. Rfe1 e5 20. Nd2 Rhg8 21. g3 f4
22. g4 f5 23. Nf1 fxg4 24. hxg4 h5 25. Nh2 hxg4 26. Nxg4 f3 27. Qxf3 Nf4 28. Qh3
Qxg4+ 29. Kf1 Rh8 30. Qg2 Qxg2# 0-1

[Event "24th ch-EUR Indiv w 2024"]
[Site "Rhodes GRE"]
[Date "2024.04.25"]
[Round "6.82"]
[White "Dakic, Marta"]
[Black "Saraci, Ndriqona"]
[Result "1-0"]
[BlackTitle "WCM"]
[WhiteElo "1957"]
[BlackElo "1660"]
[WhiteFideId "990043"]
[BlackFideId "969095"]
[EventDate "2024.04.19"]

1. e4 d5 2. exd5 Qxd5 3. Nc3 Qd6 4. d4 Nf6 5. Bc4 c6 6. Nge2 Bf5 7. Bf4 Qd8 8.
Qd2 Nd5 9. Nxd5 cxd5 10. Bb5+ Bd7 11. a4 e6 12. Bd3 Be7 13. c3 Nc6 14. O-O Na5
15. Nc1 Qb6 16. b4 Nc4 17. Qe2 Rc8 18. Nb3 Qd8 19. Nc5 Bxc5 20. dxc5 Qf6 21.
Bxc4 Qxf4 22. Bxd5 Rc7 23. Qf3 Qxf3 24. Bxf3 Ke7 25. Rfc1 Rd8 26. Rd1 Bc6 27.
Bxc6 Rxc6 28. Kf1 Rdc8 29. Ke2 b6 30. cxb6 axb6 31. a5 bxa5 32. bxa5 Rxc3 33. a6
Ra8 34. Rdb1 Rc7 35. Kd3 Rd8+ 36. Ke4 Rc4+ 37. Kf3 Rc7 38. Ra4 Ra8 39. Ke4 Rca7
40. Rb6 Rd8 41. Rab4 Kf6 42. Rd4 Rda8 43. Ra4 Rd8 44. Rd4 Rda8 45. Rdd6 Ke7 46.
Kd4 Rc8 47. Rbc6 Rd7 48. Rxd7+ Kxd7 49. Rb6 Rc6 50. Rb7+ Rc7 51. a7 Rxb7 52.
a8=Q Rc7 53. Qg8 Ke7 54. Qxg7 Rc2 55. Ke3 Rc5 56. Qxh7 Re5+ 57. Kf3 Rf5+ 58.
Qxf5 exf5 59. Kf4 Kf6 60. h4 Kg6 61. h5+ Kxh5 62. Kxf5 1-0

[Event "24th ch-EUR Indiv w 2024"]
[Site "Rhodes GRE"]
[Date "2024.04.25"]
[Round "6.84"]
[White "Popadyuk, Olga"]
[Black "Siskou, Evangelia"]
[Result "0-1"]
[WhiteElo "1633"]
[BlackElo "1837"]
[WhiteFideId "14176246"]
[BlackFideId "42113938"]
[EventDate "2024.04.19"]

1. d4 Nf6 2. Bf4 d5 3. Nf3 e6 4. e3 c5 5. c3 Nc6 6. Nbd2 Bd6 7. Bg3 O-O 8. Ne5
Qc7 9. f4 b6 10. Bd3 Bb7 11. Bh4 Be7 12. Bf2 Ne4 13. Nxe4 dxe4 14. Bxe4 Nxe5 15.
Bxb7 Qxb7 16. fxe5 Qxg2 17. Rg1 Qxh2 18. Qg4 g6 19. Ke2 Qh6 20. Rh1 Qg7 21. Rh3
h6 22. Rah1 Bg5 23. Bh4 Bxh4 24. Rxh4 h5 25. Qh3 Qh6 26. Qf3 Kg7 27. Qf6+ Kh7
28. Rg4 Rac8 29. Rg5 Rc7 30. Qf4 cxd4 31. exd4 Rd7 32. Qf6 b5 33. Ke3 a5 34. Ke4
Rfd8 35. Kf3 Rc8 36. d5 Rf8 37. d6 Rc8 38. Rh4 Rc5 39. Rgg4 Kg8 40. Rg5 Kh7 41.
a4 bxa4 42. Rxa4 Qg7 43. Qf4 Rb7 44. Qd4 Rd5 45. Qe4 f5 46. exf6 Qxf6+ 47. Qf4
Qxg5 48. Qf8 Rf5+ 0-1

[Event "24th ch-EUR Indiv w 2024"]
[Site "Rhodes GRE"]
[Date "2024.04.25"]
[Round "6.86"]
[White "Korinioti, Myrto"]
[Black "Dereka, Konstantina"]
[Result "0-1"]
[WhiteElo "1457"]
[BlackElo "1821"]
[WhiteFideId "42153743"]
[BlackFideId "25837435"]
[EventDate "2024.04.19"]

1. e4 c5 2. Nf3 e6 3. c3 d5 4. e5 Nc6 5. d4 Nge7 6. a3 Nf5 7. b4 cxd4 8. cxd4
Qb6 9. Bb2 Be7 10. Be2 O-O 11. O-O Bd7 12. Qd3 Rac8 13. Nbd2 a6 14. Nb3 Na7 15.
Rac1 Bb5 16. Qd2 Rfd8 17. Rfd1 Ba4 18. Qd3 a5 19. Rxc8 Rxc8 20. Ra1 axb4 21.
axb4 Qxb4 22. Ba3 Qxb3 23. Qxb3 Bxb3 24. Bxe7 Nxe7 25. Rxa7 Rc1+ 26. Bf1 g6 27.
Rxb7 Bc4 28. Nd2 Nc6 29. Nxc4 dxc4 30. Rd7 Rd1 31. f3 c3 32. Rc7 Nxd4 33. Rxc3
Ne2+ 34. Kf2 Nxc3 35. Bc4 Rd2+ 36. Kg3 0-1

[Event "24th ch-EUR Indiv w 2024"]
[Site "Rhodes GRE"]
[Date "2024.04.26"]
[Round "7.1"]
[White "Beydullayeva, Govhar"]
[Black "Fataliyeva, Ulviyya"]
[Result "0-1"]
[WhiteTitle "WGM"]
[BlackTitle "IM"]
[WhiteElo "2402"]
[BlackElo "2377"]
[WhiteFideId "13413015"]
[BlackFideId "13403052"]
[EventDate "2024.04.19"]

1. d4 Nf6 2. c4 e6 3. Nf3 d5 4. Nc3 Be7 5. cxd5 exd5 6. Bf4 c6 7. e3 Nh5 8. h3
Nxf4 9. exf4 Bf5 10. Bd3 Bxd3 11. Qxd3 Nd7 12. g3 Nb6 13. Kf1 Nc4 14. b3 Nd6 15.
Kg2 f5 16. h4 O-O 17. Ne5 Rc8 18. f3 Ne8 19. Nd1 Bd6 20. Ne3 Bxe5 21. fxe5 Qd7
22. f4 h5 23. Rhc1 Nc7 24. b4 g6 25. a4 Ne6 26. b5 Rfd8 27. bxc6 bxc6 28. Rab1
c5 29. dxc5 d4 30. Nc4 Rxc5 31. Nd6 Qc6+ 32. Qf3 Rc2+ 33. Rxc2 Qxc2+ 34. Kh3
Qxb1 35. Qd5 Kf8 36. Kg2 Qc2+ 37. Kh3 Qc8 0-1

[Event "24th ch-EUR Indiv w 2024"]
[Site "Rhodes GRE"]
[Date "2024.04.26"]
[Round "7.2"]
[White "Brunello, Marina"]
[Black "Javakhishvili, Lela"]
[Result "0-1"]
[WhiteTitle "IM"]
[BlackTitle "IM"]
[WhiteElo "2353"]
[BlackElo "2447"]
[WhiteFideId "822590"]
[BlackFideId "13601458"]
[EventDate "2024.04.19"]

1. e4 e5 2. Nf3 Nc6 3. Bc4 Bc5 4. d3 Nf6 5. c3 d6 6. Bb3 a5 7. O-O O-O 8. h3 h6
9. Re1 Be6 10. Ba4 Bd7 11. Nbd2 Re8 12. Nf1 Ne7 13. Bc2 Ng6 14. d4 Bb6 15. Ng3
a4 16. Be3 Ba5 17. Qd2 exd4 18. Bxd4 Ne5 19. Nxe5 dxe5 20. Be3 Bb5 21. Qc1 Re6
22. Nf5 Bb6 23. b3 Bd7 24. b4 Rc6 25. Qd2 Bxf5 26. exf5 Qxd2 27. Bxd2 Rd8 28.
Rad1 Rcd6 29. Bc1 Rxd1 30. Rxd1 Rxd1+ 31. Bxd1 Ne4 32. Bb2 Nxf2 0-1

[Event "24th ch-EUR Indiv w 2024"]
[Site "Rhodes GRE"]
[Date "2024.04.26"]
[Round "7.3"]
[White "Maltsevskaya, Aleksandra"]
[Black "Sliwicka, Alicja"]
[Result "0-1"]
[WhiteTitle "IM"]
[BlackTitle "WIM"]
[WhiteElo "2393"]
[BlackElo "2315"]
[WhiteFideId "24174041"]
[BlackFideId "1150677"]
[EventDate "2024.04.19"]

1. e4 e5 2. Nf3 Nc6 3. Bb5 a6 4. Ba4 Nf6 5. O-O Be7 6. Nc3 b5 7. Bb3 d6 8. a4 b4
9. Nd5 Na5 10. Nxf6+ Bxf6 11. Bd5 c6 12. Ba2 O-O 13. h3 Rb8 14. d4 exd4 15. Nxd4
c5 16. Nb3 Nc4 17. Rb1 Be6 18. Qe2 Nb6 19. Rd1 Nxa4 20. Bf4 Rb6 21. e5 Bg5 22.
Bh2 d5 23. f4 Be7 24. Nd2 Qe8 25. Qf3 c4 26. f5 Bc8 27. Qxd5 Bxf5 28. Nxc4 Rg6
29. Rd2 Bxh3 30. Qe4 Nc5 31. Qe1 Qa8 32. Ne3 b3 33. cxb3 Bg5 34. Nd5 Qa7 35. Bf4
Bxf4 36. Nxf4 Nd3+ 37. Kh2 Nxe1 0-1

[Event "24th ch-EUR Indiv w 2024"]
[Site "Rhodes GRE"]
[Date "2024.04.26"]
[Round "7.4"]
[White "Daulyte-Cornette, Deimante"]
[Black "Zimina, Olga"]
[Result "1/2-1/2"]
[WhiteTitle "IM"]
[BlackTitle "IM"]
[WhiteElo "2381"]
[BlackElo "2299"]
[WhiteFideId "12802859"]
[BlackFideId "4132190"]
[EventDate "2024.04.19"]

1. e4 c6 2. d4 d5 3. e5 Bf5 4. c4 e6 5. Nc3 dxc4 6. Bxc4 Nd7 7. Nge2 h5 8. Ng3
Bg6 9. Nge4 Be7 10. O-O Nh6 11. Bxh6 Rxh6 12. a3 h4 13. b4 Nb6 14. Be2 Nd5 15.
Qd2 Bf5 16. Rfd1 g5 17. b5 Rg6 18. bxc6 bxc6 19. Bd3 Kf8 20. Rdb1 Qa5 21. Rb7
Rd8 22. Bf1 Nxc3 23. Qxc3 Qxc3 24. Nxc3 c5 25. dxc5 Bxc5 26. Rd1 Rxd1 27. Nxd1
g4 28. g3 hxg3 29. hxg3 Be4 30. Rc7 Bb6 31. Rc8+ Ke7 32. Bg2 Bxg2 33. Kxg2 Rg5
34. Rc4 Rxe5 35. Rxg4 Re2 36. Kf3 Rd2 37. Ne3 Bd4 38. Rh4 Bb6 39. a4 Ra2 40. Rc4
Kd7 41. g4 f6 42. Rf4 Ke7 43. Rc4 Kf7 44. Nc2 Rb2 45. Ke4 1/2-1/2

[Event "24th ch-EUR Indiv w 2024"]
[Site "Rhodes GRE"]
[Date "2024.04.26"]
[Round "7.5"]
[White "Mammadzada, Gunay"]
[Black "Krasteva, Beloslava"]
[Result "1-0"]
[WhiteTitle "IM"]
[BlackTitle "FM"]
[WhiteElo "2436"]
[BlackElo "2220"]
[WhiteFideId "13403729"]
[BlackFideId "2922029"]
[EventDate "2024.04.19"]

1. e4 c5 2. Nf3 e6 3. d4 cxd4 4. Nxd4 Nf6 5. Nc3 Nc6 6. Nxc6 bxc6 7. e5 Nd5 8.
Ne4 Qc7 9. f4 Qb6 10. a3 Ne3 11. Qd3 Nxf1 12. Rxf1 Ba6 13. c4 f5 14. Nd6+ Bxd6
15. exd6 c5 16. Rf3 Bb7 17. Rg3 Rg8 18. b3 Be4 19. Qd2 O-O-O 20. Bb2 g5 21. fxg5
e5 22. Bxe5 Rde8 23. Bf4 Bd3+ 24. Re3 Qxb3 25. Rd1 Bxc4 26. Re7 Bb5 27. Kf2 Bc6
28. Qe2 Ref8 29. Rxh7 Qa4 30. Qd2 Qxa3 31. Rb1 c4 32. Rh3 Qc5+ 33. Be3 Qa3 34.
Bf4 Qc5+ 35. Qe3 Qd5 36. Rg3 Qe4 37. Qxe4 fxe4 38. Rg4 Rf5 39. Ke2 c3 40. Rc1
Rc5 41. h4 Bd5 42. Be3 Rc6 43. g6 Rxd6 44. Rxc3+ Kb7 45. h5 Re8 46. h6 Be6 47.
Rg5 Rc6 48. Rxc6 1-0

[Event "24th ch-EUR Indiv w 2024"]
[Site "Rhodes GRE"]
[Date "2024.04.26"]
[Round "7.6"]
[White "Efroimski, Marsel"]
[Black "Balajayeva, Khanim"]
[Result "0-1"]
[WhiteTitle "IM"]
[BlackTitle "IM"]
[WhiteElo "2457"]
[BlackElo "2371"]
[WhiteFideId "2810964"]
[BlackFideId "13406396"]
[EventDate "2024.04.19"]

1. Nf3 d5 2. e3 Nf6 3. c4 e6 4. Nc3 Be7 5. b3 c5 6. cxd5 exd5 7. d4 Nc6 8. Bb5
O-O 9. O-O Bg4 10. dxc5 Bxc5 11. Na4 Bd6 12. Bb2 a6 13. Bxc6 bxc6 14. Qd4 Re8
15. Rac1 Rb8 16. Rxc6 Bxf3 17. gxf3 Rb4 18. Qd2 Rh4 19. Rfc1 Ne4 20. fxe4 Qg5+
21. Kf1 Rxh2 22. Ke2 Qg4+ 23. Kd3 Qxe4+ 24. Ke2 Qg4+ 25. Kd3 Qf5+ 26. Kc3 Rxf2
27. Qe1 Qe5+ 28. Kd3 Qe4+ 0-1

[Event "24th ch-EUR Indiv w 2024"]
[Site "Rhodes GRE"]
[Date "2024.04.26"]
[Round "7.7"]
[White "Wagner, Dinara"]
[Black "Garcia Martin, Marta"]
[Result "1/2-1/2"]
[WhiteTitle "IM"]
[BlackTitle "IM"]
[WhiteElo "2453"]
[BlackElo "2349"]
[WhiteFideId "24157570"]
[BlackFideId "32084030"]
[EventDate "2024.04.19"]

1. d4 Nf6 2. c4 g6 3. Nc3 d5 4. cxd5 Nxd5 5. Bd2 c5 6. e4 Nxc3 7. Bxc3 cxd4 8.
Bxd4 e5 9. Bxe5 Bb4+ 10. Bc3 Bxc3+ 11. bxc3 Qa5 12. Ne2 Be6 13. Qd4 O-O 14. Nf4
Nc6 15. Qe3 Ne5 16. Nxe6 fxe6 17. Be2 Rac8 18. Rc1 Qxa2 19. O-O Nc4 20. Bxc4
Qxc4 21. Qxa7 1/2-1/2

[Event "24th ch-EUR Indiv w 2024"]
[Site "Rhodes GRE"]
[Date "2024.04.26"]
[Round "7.8"]
[White "Wikar, Martyna"]
[Black "Batsiashvili, Nino"]
[Result "1/2-1/2"]
[WhiteTitle "WIM"]
[BlackTitle "GM"]
[WhiteElo "2214"]
[BlackElo "2445"]
[WhiteFideId "21807663"]
[BlackFideId "13602993"]
[EventDate "2024.04.19"]

1. e4 c6 2. d4 d5 3. e5 Bf5 4. h4 h5 5. Bd3 Bxd3 6. Qxd3 Qa5+ 7. b4 Qb5 8. Qxb5
cxb5 9. Nc3 Nc6 10. Nxb5 Kd7 11. c3 e6 12. Nf3 Nh6 13. Na3 a5 14. b5 Na7 15. Rb1
Nc8 16. Nc2 Nb6 17. Bxh6 Rxh6 18. Ne3 Be7 19. Ke2 Rhh8 20. Kd3 f6 21. g3 Rac8
22. Rhc1 Rc7 23. c4 dxc4+ 24. Nxc4 Nxc4 25. Rxc4 Rxc4 26. Kxc4 Rc8+ 27. Kd3 Bb4
28. Rb3 Rc1 29. a3 Be7 30. Nd2 fxe5 31. dxe5 a4 32. Rc3 Rxc3+ 33. Kxc3 Bxa3 34.
f3 Be7 35. Ne4 Kc7 36. Kc4 a3 37. Kb3 Kb6 38. Nd6 Kc5 39. Ne8 g6 40. Nc7 Kd4 41.
f4 Kc5 42. Nxe6+ Kxb5 43. f5 gxf5 44. Nd4+ Kc5 45. Nxf5 Bf8 46. e6 Kd5 47. Ng7
b5 48. Nxh5 Kxe6 49. g4 Ke5 50. g5 Kf5 51. Nf6 Be7 52. Nd5 Bxg5 53. hxg5 Kxg5
54. Kxa3 b4+ 55. Kxb4 1/2-1/2

[Event "24th ch-EUR Indiv w 2024"]
[Site "Rhodes GRE"]
[Date "2024.04.26"]
[Round "7.9"]
[White "Buksa, Nataliya"]
[Black "Ibrahimova, Sabina"]
[Result "1-0"]
[WhiteTitle "IM"]
[BlackTitle "WIM"]
[WhiteElo "2394"]
[BlackElo "2175"]
[WhiteFideId "14123622"]
[BlackFideId "13403893"]
[EventDate "2024.04.19"]

1. e4 c5 2. Nf3 Nc6 3. Bb5 g6 4. O-O Bg7 5. c3 Nf6 6. Re1 O-O 7. d4 d5 8. e5 Ne4
9. Be3 cxd4 10. cxd4 Qb6 11. Qe2 Bd7 12. a4 a6 13. Bd3 Na5 14. Nc3 Nxc3 15. bxc3
Rac8 16. Reb1 Qc7 17. Bd2 Rb8 18. Bf4 Rbc8 19. Ra3 Bc6 20. Nd2 Rfe8 21. h4 e6
22. h5 Qe7 23. Ra2 Bd7 24. hxg6 fxg6 25. Rc1 Rc7 26. g3 Rec8 27. Nb1 Nc4 28. Qg4
Be8 29. Bg5 Qf7 30. Qh3 Nb6 31. Bc2 a5 32. Kg2 Nc4 33. Rh1 Bh8 34. Bd3 Bc6 35.
g4 Nb6 36. f4 Nxa4 37. f5 gxf5 38. gxf5 exf5 39. Bxf5 Qg7 40. Be6+ Kf8 41. Rf2+
Ke8 42. Qh5+ 1-0

[Event "24th ch-EUR Indiv w 2024"]
[Site "Rhodes GRE"]
[Date "2024.04.26"]
[Round "7.10"]
[White "Piddubna, Bozhena"]
[Black "Bulmaga, Irina"]
[Result "0-1"]
[WhiteTitle "WCM"]
[BlackTitle "IM"]
[WhiteElo "2005"]
[BlackElo "2394"]
[WhiteFideId "34109293"]
[BlackFideId "13903063"]
[EventDate "2024.04.19"]

1. d4 Nf6 2. c4 g6 3. Nf3 Bg7 4. g3 d6 5. Bg2 O-O 6. Nc3 Nbd7 7. O-O e5 8. e3
Re8 9. a4 a5 10. b3 c6 11. Ra2 e4 12. Nd2 d5 13. f3 exf3 14. Nxf3 Nb6 15. Ne5
Be6 16. Raf2 dxc4 17. g4 cxb3 18. g5 Nfd5 19. Nxd5 Nxd5 20. Nxf7 Qd7 21. Nh6+
Kh8 22. Nf7+ Kg8 23. Nh6+ Bxh6 24. gxh6 Nc3 25. Qd3 Nxa4 26. d5 Rf8 27. Qxb3
cxd5 28. Ba3 Rxf2 29. Rxf2 Rd8 30. Rf6 b5 31. e4 b4 32. Bc1 Nc3 33. Bg5 Re8 34.
Qc2 dxe4 35. h4 Qd4+ 36. Kh2 b3 37. Qb2 Qe5+ 38. Kh1 e3 39. Rf1 e2 40. Re1 Bc4
41. Bd2 Ne4 42. Qc1 Nxd2 43. Qxd2 b2 44. Qc2 Ba2 0-1

[Event "24th ch-EUR Indiv w 2024"]
[Site "Rhodes GRE"]
[Date "2024.04.26"]
[Round "7.11"]
[White "Radeva, Viktoria"]
[Black "Osmak, Yuliia"]
[Result "0-1"]
[WhiteTitle "WGM"]
[BlackTitle "IM"]
[WhiteElo "2315"]
[BlackElo "2459"]
[WhiteFideId "2915405"]
[BlackFideId "14101602"]
[EventDate "2024.04.19"]

1. e4 c5 2. Nf3 d6 3. Bb5+ Nd7 4. O-O a6 5. Be2 Ngf6 6. d3 e6 7. a4 b6 8. Nfd2
Bb7 9. f4 Be7 10. Nc3 d5 11. e5 Ng8 12. Bg4 g6 13. Nf3 Nb8 14. d4 Nh6 15. Bh3
Nf5 16. Ne2 Nc6 17. c3 h5 18. Bxf5 gxf5 19. Ng5 a5 20. Be3 Ba6 21. Rf3 h4 22.
Rh3 Rc8 23. Rc1 Bxe2 24. Qxe2 cxd4 25. cxd4 Nxd4 26. Qd3 Rxc1+ 27. Bxc1 Qd7 28.
Be3 Nc6 29. Bxb6 Nxe5 30. Qc3 Ng6 31. Bxa5 O-O 32. Qd4 e5 33. Qb6 Qxa4 34. Rd3
Qxf4 35. Bd2 Qc4 36. Rc3 Qe2 37. Nf3 e4 38. Rc6 Kh7 39. Ng5+ Bxg5 0-1

[Event "24th ch-EUR Indiv w 2024"]
[Site "Rhodes GRE"]
[Date "2024.04.26"]
[Round "7.12"]
[White "Tsolakidou, Stavroula"]
[Black "Babiy, Olga"]
[Result "1-0"]
[WhiteTitle "IM"]
[BlackTitle "WGM"]
[WhiteElo "2424"]
[BlackElo "2306"]
[WhiteFideId "4264312"]
[BlackFideId "14117258"]
[EventDate "2024.04.19"]

1. e4 c5 2. Nf3 e6 3. c3 d5 4. e5 d4 5. d3 Nc6 6. g3 Nge7 7. Bg2 Ng6 8. Qe2 Qc7
9. Na3 a6 10. O-O Ncxe5 11. Nxe5 Qxe5 12. Be4 f5 13. Nc4 Qf6 14. Bf3 Rb8 15. Bh5
b5 16. Bf4 bxc4 17. Bxb8 cxd3 18. Qxd3 Be7 19. cxd4 cxd4 20. Ba7 e5 21. Qb3 Be6
22. Qb8+ Bd8 23. Bc5 e4 24. f3 Bd5 25. fxe4 Bxe4 26. Rae1 Qe6 27. g4 Kd7 28.
gxf5 Qd5 29. fxg6 hxg6 30. Bg4+ Kc6 31. Rxe4 1-0

[Event "24th ch-EUR Indiv w 2024"]
[Site "Rhodes GRE"]
[Date "2024.04.26"]
[Round "7.13"]
[White "Benmesbah, Natacha"]
[Black "Ushenina, Anna"]
[Result "1-0"]
[WhiteTitle "WIM"]
[BlackTitle "GM"]
[WhiteElo "2306"]
[BlackElo "2418"]
[WhiteFideId "642002"]
[BlackFideId "14110911"]
[EventDate "2024.04.19"]

1. e4 c5 2. Nf3 Nc6 3. Bb5 e6 4. O-O Nge7 5. Re1 Nd4 6. Bf1 Nxf3+ 7. Qxf3 Nc6 8.
c3 Be7 9. Qg3 O-O 10. b4 cxb4 11. d4 Bh4 12. Qe3 d5 13. exd5 exd5 14. cxb4 Nxd4
15. Qxd4 Bf6 16. Re5 Bxe5 17. Qxe5 Re8 18. Qd4 Re4 19. Qd2 Be6 20. Bd3 Rh4 21.
Na3 Qd6 22. f4 d4 23. Nb5 Qb6 24. Qf2 Rh5 25. Nxd4 Rd5 26. Be3 Qxb4 27. Rb1 Qa4
28. Bc2 Qa6 29. f5 Bd7 30. Be4 Re5 31. Bxb7 Qd3 32. Rb3 Qd1+ 33. Qf1 Qxf1+ 34.
Kxf1 Rae8 35. Kf2 Bxf5 36. Bc6 Rc8 37. Ra3 a5 38. Bb5 Ra8 39. Rb3 Be4 40. a4 h5
41. Rc3 Rd8 42. Bf4 Re7 43. Nb3 Rd1 44. Nxa5 Ra1 45. Nb3 Ra2+ 46. Nd2 Re6 47.
Rc8+ Kh7 48. Bc4 Rxa4 49. Bxe6 fxe6 50. Nxe4 Rxe4 51. Kf3 Re1 52. Rc1 1-0

[Event "24th ch-EUR Indiv w 2024"]
[Site "Rhodes GRE"]
[Date "2024.04.26"]
[Round "7.14"]
[White "Narva, Mai"]
[Black "Zhukova, Natalia"]
[Result "1/2-1/2"]
[WhiteTitle "IM"]
[BlackTitle "GM"]
[WhiteElo "2401"]
[BlackElo "2301"]
[WhiteFideId "4500512"]
[BlackFideId "14101513"]
[EventDate "2024.04.19"]

1. e4 e5 2. Nf3 Nc6 3. Bb5 a6 4. Ba4 Nf6 5. O-O b5 6. Bb3 Bb7 7. Nc3 Be7 8. d3
O-O 9. a4 Na5 10. Ba2 b4 11. Nd5 Nxd5 12. Bxd5 c6 13. Ba2 d6 14. c3 c5 15. Re1
Rb8 16. d4 bxc3 17. bxc3 cxd4 18. cxd4 Nc6 19. Rb1 a5 20. Ba3 exd4 21. Nxd4 Nb4
22. Bxb4 axb4 23. Nf5 Bc8 24. Nxe7+ Qxe7 25. Qd2 Be6 26. Bxe6 fxe6 27. Rxb4 Rxb4
28. Qxb4 Qa7 29. Rf1 d5 30. Qd6 Re8 31. Qc6 Qa8 32. exd5 exd5 33. Qxa8 Rxa8 34.
Ra1 Ra5 35. f4 Kf7 36. Kf2 Ke6 37. Ke3 Kf5 38. g3 Kg4 39. Kd4 h5 40. Kc3 h4 41.
Ra3 hxg3 42. hxg3 Kf5 43. Kd4 g5 44. fxg5 Kxg5 45. Kc3 Kf5 46. Kb4 Ra8 47. Kc5
Ke4 48. a5 d4 49. Kb6 d3 50. a6 d2 51. Ra1 Rg8 52. a7 Ke3 53. Rb1 Ke2 54. Kb7
Rg7+ 55. Ka6 Rxg3 56. a8=Q Ra3+ 57. Kb7 1/2-1/2

[Event "24th ch-EUR Indiv w 2024"]
[Site "Rhodes GRE"]
[Date "2024.04.26"]
[Round "7.15"]
[White "Milliet, Sophie"]
[Black "Schulze, Lara"]
[Result "1-0"]
[WhiteTitle "IM"]
[BlackTitle "FM"]
[WhiteElo "2392"]
[BlackElo "2290"]
[WhiteFideId "623725"]
[BlackFideId "12956830"]
[EventDate "2024.04.19"]

1. e4 e5 2. Nf3 Nc6 3. Bc4 Nf6 4. d3 h6 5. a4 d6 6. a5 a6 7. O-O g6 8. d4 Bg4 9.
dxe5 dxe5 10. Nbd2 Qd7 11. c3 Bg7 12. h3 Be6 13. Qb3 Bxc4 14. Qxc4 Qe6 15. Qxe6+
fxe6 16. Re1 O-O-O 17. Nb3 Rhe8 18. Nfd2 Bf8 19. Nc4 Rd3 20. g3 Red8 21. Kg2 Rd1
22. Re2 R1d7 23. Bd2 Rf7 24. Rf1 Nh5 25. f3 g5 26. Be3 Be7 27. Ree1 Rg8 28. Bc5
Nf6 29. Bxe7 Rxe7 30. Nc5 Nd7 31. Nd3 h5 32. b4 h4 33. g4 b5 34. axb6 cxb6 35.
Ra1 b5 36. Nd2 Kb7 37. Nb3 Kb6 38. Rfd1 Rd8 39. Kf2 Ree8 40. Ke2 Re7 41. Ndc5
Nxc5 42. Nxc5 Rxd1 43. Rxa6+ Kc7 44. Kxd1 Re8 45. Ke2 Kd6 46. Ra1 Kc7 47. Rd1
Re7 48. Rd2 Nb8 49. Ra2 Nc6 50. Ra8 Nd8 51. Na6+ Kd7 52. Rb8 Ke8 53. Rxb5 Ra7
54. Rb6 1-0

[Event "24th ch-EUR Indiv w 2024"]
[Site "Rhodes GRE"]
[Date "2024.04.26"]
[Round "7.16"]
[White "Kiolbasa, Oliwia"]
[Black "Toncheva, Nadya"]
[Result "1/2-1/2"]
[WhiteTitle "IM"]
[BlackTitle "FM"]
[WhiteElo "2386"]
[BlackElo "2258"]
[WhiteFideId "1154613"]
[BlackFideId "2924056"]
[EventDate "2024.04.19"]

1. d4 d5 2. c4 c6 3. Nf3 Nf6 4. e3 Bf5 5. Nc3 e6 6. Nh4 Be4 7. f3 Bg6 8. Bd2 Be7
9. Nxg6 hxg6 10. Qc2 Nbd7 11. O-O-O Qc7 12. g3 O-O-O 13. cxd5 Nxd5 14. Nxd5 cxd5
15. Bc3 Kb8 16. Kb1 Rc8 17. Rc1 Nb6 18. Bd3 Nc4 19. Qe2 Qb6 20. Ka1 Rc6 21. Bxc4
Rxc4 22. b3 Rc6 23. Bb2 Rhc8 24. Rxc6 Rxc6 25. Rc1 Rxc1+ 26. Bxc1 Qb4 27. Bd2
Qb6 28. Qd3 Ba3 29. Kb1 a6 30. Kc2 Qc6+ 31. Kd1 Bd6 32. Ke2 Ka7 33. Kf2 Kb6 34.
Ke2 Qb5 35. Qxb5+ Kxb5 36. Kd3 Ba3 37. Bc3 a5 38. Bd2 a4 39. Bc3 Bd6 40. Bd2 f5
41. Bc3 g5 42. Bd2 axb3 43. axb3 Kc6 44. Be1 Kd7 45. h3 g4 46. hxg4 fxg4 47.
fxg4 Kc6 48. e4 Kb5 49. Bd2 Bxg3 50. e5 Bf2 51. g5 g6 52. Kc3 Bg1 53. Kd3 Bf2
54. Kc3 Bg1 55. Kd3 Bf2 1/2-1/2

[Event "24th ch-EUR Indiv w 2024"]
[Site "Rhodes GRE"]
[Date "2024.04.26"]
[Round "7.17"]
[White "Lach, Aleksandra"]
[Black "Vega Gutierrez, Sabrina"]
[Result "0-1"]
[WhiteTitle "WIM"]
[BlackTitle "IM"]
[WhiteElo "2292"]
[BlackElo "2383"]
[WhiteFideId "1134299"]
[BlackFideId "2219026"]
[EventDate "2024.04.19"]

1. e4 c5 2. Nc3 g6 3. d4 cxd4 4. Qxd4 Nf6 5. Be3 Nc6 6. Qd2 Bg7 7. f3 h5 8.
O-O-O d6 9. Nge2 Bd7 10. Kb1 b5 11. Nc1 b4 12. Nd5 Rb8 13. Nxf6+ Bxf6 14. f4 Qc7
15. Bc4 a5 16. e5 dxe5 17. Bxf7+ Kxf7 18. Qxd7 Qxd7 19. Rxd7 exf4 20. Bxf4 Rb5
21. Rc7 Nd4 22. Re1 a4 23. Nd3 b3 24. cxb3 axb3 25. a3 Ne6 26. Rc4 Nxf4 27. Rxf4
Rd8 28. Rf3 Rf5 29. Ree3 Bg5 30. Rxf5+ gxf5 31. Rf3 Kg6 32. g3 Rd5 33. h4 Bh6
34. a4 e5 35. Nxe5+ Rxe5 36. Rxb3 Be3 37. Rb8 Bd4 38. b4 Re3 39. b5 Ra3 40. Ra8
Rxg3 41. Kc2 Rc3+ 42. Kd2 Rb3 43. Kc2 Rb4 44. Ra6+ Bf6 45. b6 f4 46. a5 f3 47.
Kd3 f2 48. Ke2 Rb2+ 49. Kf1 Bd4 50. b7+ Kf5 51. Rb6 Bxb6 0-1